MARC

LEADER 00000nam0a2200000 4500
001 337624
005 20231102004953.0
035 |a (RuTPU)RU\TPU\book\364112 
035 |a RU\TPU\book\364111 
090 |a 337624 
100 |a 20171109d1978 k y0rusy5003 ca 
101 0 |a rus 
102 |a RU 
105 |a a z 001zy 
200 1 |a Вопросы технической диагностики  |e межвузовский сборник  |h Вып. 18 
210 |a Ростов-на-Дону  |c Изд-во РИСИ  |d 1978 
215 |a 221 с.  |c ил. 
320 |a Библиогр. в конце ст. 
606 1 |a Техническая диагностика  |2 stltpush  |3 (RuTPU)RU\TPU\subj\60044 
610 1 |a диагностирование 
610 1 |a контроль 
610 1 |a методы 
610 1 |a динамические системы 
610 1 |a сложные системы 
610 1 |a математические модели 
610 1 |a магнитометрическая информация 
610 1 |a тепловой неразрушающий контроль 
610 1 |a идентифицирующее тесты 
610 1 |a конечные автоматы 
610 1 |a оптимизационные задачи 
610 1 |a оперативная диагностика 
675 |a 681.518.54  |z rus  |v 3 
702 1 |a Фалькович  |b М. А.  |4 340 
712 0 2 |a Ростовский инженерно-строительный институт  |2 stltpush  |3 (RuTPU)RU\TPU\col\10045  |9 24785 
801 0 |a RU  |b 63413507  |c 19950417  |g psbo 
801 1 |a RU  |b 63413507  |c 20140930 
801 2 |a RU  |b 63413507  |c 20171110  |g RCR 
942 |c BK